00303nam a2200133Ia 45000030006000000080041000060400015000471000016000622450032000782500010001102600020001205460012001400050017001520STCL150530s9999 xx 000 0 und d aSTCLcSTCL aPigou, A.C. aSocialism versus capitalism aFirst bMacmillanc1964 aEnglish20220125165525.0